000
00309nam a2200133Ia 4500
005
20251222155138.0
008
251222s9999||||xx |||||||||||||| ||spa||
082
_a
MEQ.244
100
_a
BARONE Roberto.
245
0
_a
Manual de primeros auxilios
250
_a
1ra. ed.
264
_b
Arquetipo
942
_c
LIB
999
_c
39073
_d
39073